00876nam a2200217Ia 4500003000900000008004100009020001800050040001600068080001900084111005900103245024100162260004000403300001600443650004100459650003100500650001800531700002600549700002200575700002700597710003400624IN-BaIIA211028s9999 xx 000 0 eng d a0-471-27963-3 cIIA Library a524.7-732bGAL aNATO Advanced Study Institute ConferencecGreeced1979 0aGalactic x-ray sourcesbproceedings of the NATO Advanced Study InstituteĀ on galactic X-ray sources, held inĀ Sounion, Greece in 1979cedited by Peter W. Sanford, Paul Laskarides and Jane Salton  aChichesterbJohn Wiley & Sonsc1982 axvii, 450p. aAstronomy and astrophysics thesaurus aExtraterrestrial radiation aX-ray sources aLaskarides, Paul, ed. aSalton, Jane, ed. aSanford, Peter W., ed. aNATO Advanced Study Institute